000 00911nam a2200253 4500
003 CO-ViMGA
020 _a9789588954165
040 _aCO-ViMGA
_bspa
_cCO-ViMGA
090 _aH SAN12
100 1 _aSanna, Alessandro
_98802
245 1 0 _aEl río /
_cAlessandro Sanna
260 _aBogotá :
_bEdiciones Babel,
_c2016.
300 _a116 páginas :
_bilustraciones en color ;29 cm.
490 _aPlan Nacional de Lectura y Escritura Leer es mi Cuento / Ministerio de Cultura
650 1 4 _aEstaciones en la literatura
_98117
650 1 4 _aHistorietas juveniles italianas
_ySiglo XX
_98803
650 1 4 _aLibros ilustrados
_98807
650 1 4 _aLiteratura juvenil italiana
_ySiglo XX
_98804
650 1 4 _aNaturaleza en la literatura
_98806
650 1 4 _aRíos en la literatura
_98805
700 1 _aBorges, Jorge Luis,
_d1899-1986
_98522
700 1 _aOsuna Aguilar, Julia,
_etraductora
_98808
942 _2ddc
_cBK
999 _c7598
_d7598